[Event "1/32 Finale"]
[Site "www.chess-mail.com"]
[Date "2016.10.03"]
[Round "1"]
[White "Attatroll"]
[Black "Sportuga"]
[WhiteElo "1860"]
[BlackElo "2230"]
[Result "0-1"]
[Round "1"]
1.e4 c6
2.Ng1f3 Qd8c7
3.d4 d6
4.Bf1c4 h6
5.O-O e5
6.c3 Ng8f6
7.Bc1e3 Bc8g4
8.h3 Bg4h5
9.g4 Bh5g6
10.dxe5 dxe5
11.Nb1d2 Nf6xe4
12.Nd2xe4 Bg6xe4
13.Qd1e2 Bf8e7
14.Ra1d1 O-O
15.Nf3d2 Be4g6
16.Nd2b3 Nb8d7
17.Rf1e1 Kh8
18.Be3c1 Ra8d8
19.f4 Be7h4
20.Re1f1 exf4
21.Bc1xf4 Qc7c8
22.Qe2e3 Nd7b6
23.Nb3a5 Rd8xd1
24.Rf1xd1 Rf8e8
25.Qe3c1 Nb6xc4
26.Na5xc4 h5
27.Nc4d6 Qc8e6
28.Nd6xe8 Qe6xe8
29.Qc1e3 Qe8c8
30.gxh5 Bg6xh5
31.Rd1f1 Bh5g6
32.Kh2 b6
33.Rf1d1 Qc8a6
34.Rd1d8 Bh4xd8
{ resign }
0-1

[Event "Tourn. n8902"]
[Site "www.chess-mail.com"]
[Date "2016.10.04"]
[Round "1"]
[White "Julian"]
[Black "Picifarkinca"]
[WhiteElo "2070"]
[BlackElo "2000"]
[Result "1-0"]
[Round "1"]
1.e4 e5
2.Ng1f3 Nb8c6
3.Bf1b5 a6
4.Bb5a4 b5
5.Ba4b3 d6
6.c3 Ng8f6
7.d3 Bf8e7
8.O-O O-O
9.h3 Bc8b7
10.Nb1d2 Nc6a5
11.Bb3c2 c5
12.d4 cxd4
13.cxd4 exd4
14.Nf3xd4 d5
15.e5 Nf6d7
16.e6 Nd7f6
17.exf7 Rf8xf7
18.Rf1e1 Na5c4
19.Nd2xc4 dxc4
20.Bc1e3 Qd8d5
21.f3 Be7b4
22.Re1e2 Ra8d8
23.a3 Bb4f8
24.Be3f2 Qd5g5
25.Bf2e3 Qg5g3
26.Qd1e1 Bf8d6
27.Nd4f5 Qg3xe1
28.Ra1xe1 Bd6f8
29.Be3b6 Rd8b8
30.Bb6c7 Rf7xc7
31.Kf2 Bf8c5
32.Kg3 Rb8f8
33.b3 c3
34.b4 Bc5a7
35.Bc2b3 Kh8
36.Nf5d6 g6
37.Nd6xb7 Rc7xb7
38.Re2e7 Rb7xe7
39.Re1xe7 Ba7b8
40.Kf2 Nf6g8
41.Re7e6 Rf8f6
42.Re6e8 Bb8a7
43.Kg3 c2
44.Re8xg8 { resign }
1-0

[Event "Tourn. n8986"]
[Site "www.chess-mail.com"]
[Date "2016.10.04"]
[Round "1"]
[White "Attatroll"]
[Black "Malbertan"]
[WhiteElo "1910"]
[BlackElo "2030"]
[Result "1-0"]
[Round "1"]
1.c4 b6
2.d4 Bc8b7
3.Nb1c3 f5
4.f3 Ng8f6
5.Bc1g5 d6
6.e3 Nb8d7
7.Ng1e2 e5
8.d5 Bf8e7
9.Ne2g3 e4
10.f4 g6
11.Bf1e2 O-O
12.h4 Kg7
13.h5 h6
14.hxg6 hxg5
15.Ng3xf5 Kxg6
16.fxg5 Kxg5
17.g4 Nd7e5
18.Qd1c2 Ne5d3
19.Be2xd3 exd3
20.Qc2xd3 Nf6xg4
21.O-O-O Rf8xf5
22.Rd1g1 Qd8d7
23.Nc3e4 Kg6
24.Rg1xg4 Kf7
25.Rh1h7 Ke8
26.Rg4g8 Rf5f8
27.Ne4f6 Be7xf6
28.Rg8xf8 { resign }
1-0

[Event "Tourn. n8982"]
[Site "www.chess-mail.com"]
[Date "2016.10.04"]
[Round "1"]
[White "Luban"]
[Black "Estonia"]
[WhiteElo "1990"]
[BlackElo "2060"]
[Result "0-1"]
[Round "1"]
1.d4 d5
2.Ng1f3 Ng8f6
3.h3 b6
4.e3 Bc8b7
5.c4 e6
6.a3 c5
7.Nb1c3 dxc4
8.Bf1xc4 Nb8d7
9.O-O Bf8e7
10.d5 Nf6xd5
11.Bc1d2 O-O
12.Bc4xd5 exd5
13.Nc3e2 Qd8c7
14.Ne2f4 Be7d6
15.Nf4d3 Bb7a6
16.Qd1c2 Nd7e5
17.Nf3xe5 Bd6xe5
18.Ra1b1 Ra8c8
19.Nd3xe5 Qc7xe5
20.Rf1e1 d4
21.exd4 Qe5xd4
22.Bd2c3 Qd4d3
23.Qc2b3 Qd3g6
24.Rb1d1 Ba6b7
25.f3 Bb7xf3
{ resign }
0-1

[Event "Tourn. n8870"]
[Site "www.chess-mail.com"]
[Date "2016.10.04"]
[Round "1"]
[White "Bojan"]
[Black "Ztornad"]
[WhiteElo "1930"]
[BlackElo "1830"]
[Result "1-0"]
[Round "1"]
1.b4 b5
2.Bc1b2 e6
3.e4 d5
4.exd5 exd5
5.Bf1xb5 c6
6.Bb5d3 Ng8f6
7.a3 a6
8.Qd1f3 Qd8e7
9.Ng1e2 Nb8d7
10.O-O Qe7d6
11.h3 Nd7e5
12.Qf3e3 Bf8e7
13.Bb2xe5 d4
14.Be5xd4 O-O
15.Bd4c5 Qd6e6
16.Qe3xe6 fxe6
17.Bc5xe7 Rf8e8
18.Be7xf6 gxf6
19.Nb1c3 Re8d8
20.Nc3e4 Kg7
21.Ne4c5 e5
22.Ne2g3 Rd8g8
23.Ng3f5 Kf8
24.Nf5d6 Bc8xh3
25.Bd3e4 Ke7
26.Nd6f5 Kf8
27.Kh2 Bh3g4
28.f3 Bg4h5
29.Be4xc6 Ra8a7
30.Ra1d1 Rg8g5
31.Nc5e6 Kg8
32.Ne6xg5 fxg5
33.d4 e4
34.Rd1e1 Ra7c7
35.Bc6d5 Kf8
36.Re1xe4 Rc7xc2
37.Kg3 Bh5g6
38.Re4e5 Rc2c3
39.a4 Rc3a3
40.Bd5c6 Ra3c3
41.b5 axb5
42.axb5 h5
43.Rf1a1 h4
44.Kg4 Rc3c2
45.Ra1a8 Kf7
46.Re5e7 Kf6
47.Ra8f8 Bg6f7
48.Rf8xf7 Kg6
49.Rf7f8 Rc2xg2
50.Kh3 Rg2g3
51.Nf5xg3 hxg3
52.Bc6e4 Kh6
53.Rf8h8 
1-0

[Event "Tourn. n8969"]
[Site "www.chess-mail.com"]
[Date "2016.10.04"]
[Round "1"]
[White "Azulmarino"]
[Black "Cal"]
[WhiteElo "1650"]
[BlackElo "1680"]
[Result "1-0"]
[Round "1"]
1.e4 e5
2.Ng1f3 d6
3.Bf1c4 h6
4.Nb1c3 Ng8f6
5.d3 c6
6.Bc1e3 b5
7.Bc4b3 Bc8g4
8.h3 Bg4h5
9.g4 Bh5g6
10.Nf3h4 Nb8d7
11.Nh4xg6 fxg6
12.Qd1f3 a5
13.g5 Nf6h5
14.Qf3f7 { resign }
1-0

[Event "Tourn. n8979"]
[Site "www.chess-mail.com"]
[Date "2016.10.04"]
[Round "1"]
[White "B0zata"]
[Black "Norlavuaram"]
[WhiteElo "2280"]
[BlackElo "2170"]
[Result "1-0"]
[Round "1"]
1.d4 Ng8f6
2.c4 c5
3.d5 e6
4.Nb1c3 exd5
5.Nc3xd5 Nb8c6
6.Bc1g5 Bf8e7
7.Ng1f3 O-O
8.Nd5xe7 Qd8xe7
9.e3 h6
10.Bg5h4 Nc6e5
11.Bh4g3 d6
12.Bf1e2 Bc8f5
13.Qd1b3 Bf5e4
14.Ra1d1 Rf8d8
15.Bg3xe5 dxe5
16.O-O Be4c6
17.Nf3h4 Rd8xd1
18.Rf1xd1 Ra8d8
19.Nh4f5 Rd8xd1
20.Qb3xd1 Qe7e6
21.Qd1d8 Qe6e8
22.Nf5xh6 Kh7
23.Qd8xe8 Nf6xe8
24.Nh6xf7 e4
25.Be2g4 Ne8f6
26.Bg4c8 Nf6e8
27.Nf7d8 Ne8d6
28.Nd8xc6 Nd6xc8
29.Nc6d8 b6
30.f3 Nc8d6
31.b3 exf3
32.gxf3 Kg6
33.Kf2 Kf6
34.Nd8c6 Nd6c8
35.b4 cxb4
36.Nc6xb4 Nc8d6
37.Nb4c6 a5
38.c5 bxc5
39.Nc6xa5 Nd6b5
40.Na5c4 Nb5c3
41.a3 Ke6
42.e4 Nc3a4
43.Ke3 Na4c3
44.Kd3 Nc3b5
45.f4 Nb5c7
46.Nc4b2 Nc7b5
47.a4 Nb5a7
48.Kc4 Kd6
49.Nb2d3 { resign }
1-0

[Event "Tourn. n8945"]
[Site "www.chess-mail.com"]
[Date "2016.10.04"]
[Round "1"]
[White "Giampaolo"]
[Black "Goofy"]
[WhiteElo "2350"]
[BlackElo "2310"]
[Result "1-0"]
[Round "1"]
1.g3 d5
2.Bf1g2 e5
3.d3 Ng8f6
4.a3 Bf8d6
5.Ng1f3 O-O
6.O-O h6
7.Nb1c3 c6
8.e4 d4
9.Nc3e2 a5
10.Nf3d2 b5
11.c3 c5
12.cxd4 cxd4
13.Ne2xd4 exd4
14.e5 Ra8a6
15.exf6 Qd8xf6
16.Nd2e4 Qf6d8
17.Qd1b3 Ra6b6
18.Ne4xd6 Qd8xd6
19.Bc1f4 Qd6e6
20.Qb3xe6 fxe6
21.Bf4c7 Rb6a6
22.Bc7xb8 { resign }
1-0

[Event "Tourn. n8930"]
[Site "www.chess-mail.com"]
[Date "2016.10.04"]
[Round "1"]
[White "Ejner"]
[Black "Darko10"]
[WhiteElo "2480"]
[BlackElo "2640"]
[Result "1/2-1/2"]
[Round "1"]
1.Ng1f3 d5
2.d4 Ng8f6
3.c4 c6
4.e3 Bc8f5
5.Nb1c3 e6
6.Nf3h4 Bf5g6
7.Nh4xg6 hxg6
8.Bf1d3 Nb8d7
9.O-O Bf8d6
10.h3 O-O
11.Qd1c2 dxc4
12.Bd3xc4 Ra8c8
13.Rf1d1 Qd8e7
14.Bc1d2 c5
15.dxc5 Nd7xc5
16.Ra1c1 a6
17.Bd2e1 Rf8d8
18.Bc4e2 b5
19.Be2f3 Nc5d7
20.Qc2e2 Nd7e5
21.Nc3e4 Rc8xc1
22.Rd1xc1 Bd6b4
{ draw }
1/2-1/2

[Event "Tourn. n8981"]
[Site "www.chess-mail.com"]
[Date "2016.10.04"]
[Round "1"]
[White "Estonia"]
[Black "Norlavuaram"]
[WhiteElo "2060"]
[BlackElo "2160"]
[Result "0-1"]
[Round "1"]
1.e4 e5
2.f4 exf4
3.Ng1f3 d6
4.d4 g5
5.h4 g4
6.Bf1c4 gxf3
7.Qd1xf3 Bf8h6
8.Bc1xf4 Qd8f6
9.Bf4xh6 Qf6xf3
10.gxf3 Ng8xh6
11.Nb1c3 Nb8c6
12.O-O-O Bc8d7
13.Rd1g1 O-O-O
14.Rg1g7 Nc6xd4
15.Bc4xf7 Nd4xf3
16.Bf7h5 Nf3e5
17.Rh1g1 Rh8g8
18.Rg7xg8 Rd8xg8
19.Rg1xg8 Nh6xg8
20.b3 Ng8f6
21.Bh5e2 Bd7g4
22.Be2xg4 Nf6xg4
23.Kd2 Ne5f3
24.Kd3 Nf3xh4
25.Nc3d5 Ng4e5
26.Ke2 Nh4g6
27.Nd5f6 h6
28.c4 Ne5d7
29.Nf6h5 Nd7f8
30.Ke3 Kd8
31.Kd4 c6
32.Nh5g7 Kd7
33.Ng7h5 Nf8e6
34.Ke3 Ke7
35.Kf3 Ng6e5
36.Ke2 Kf7
37.Nh5g3 Ne6g5
38.a3 Ke6
39.Kd1 Ng5f3
40.Kc2 Nf3e1
41.Kc3 Ne1g2
42.b4 Ng2f4
43.a4 h5
44.b5 h4
45.Ng3f1 Ne5g4
46.Kb4 c5
47.Kb3 h3
48.a5 h2
49.Nf1xh2 Ng4xh2
{ resign }
0-1

[Event "Match"]
[Site "www.echecsemail.com"]
[Date "2016.10.04"]
[Round "1"]
[White "Bronstein70"]
[Black "4m6az"]
[WhiteElo "2190"]
[BlackElo "2040"]
[Result "1-0"]
[Round "1"]
1.e4 c6
2.d3 d5
3.Nb1d2 dxe4
4.Nd2xe4 Bc8f5
5.Ng1f3 Bf5xe4
6.dxe4 Qd8xd1
7.Kxd1 f6
8.Nf3d4 Nb8d7
9.Nd4e6 b5
10.Ne6c7  { time }
1-0

[Event "Match"]
[Site "www.echecsemail.com"]
[Date "2016.10.04"]
[Round "1"]
[White "Ditto"]
[Black "Gilliere"]
[WhiteElo "1850"]
[BlackElo "2050"]
[Result "0-1"]
[Round "1"]
1.e4 e5
2.Ng1f3 d6
3.Bf1c4 h6
4.d3 Ng8f6
5.c3 Bc8g4
6.Bc1e3 Nb8c6
7.Nb1d2 Bf8e7
8.O-O Nc6a5
9.Bc4b5 c6
10.Bb5a4 b5
11.Ba4c2 Nf6h7
12.b4 Na5b7
13.Bc2b3 Be7g5
14.Qd1e2 Bg5xe3
15.Qe2xe3 Nh7f6
16.a4 bxa4
17.Bb3xa4 Qd8c7
18.d4 Bg4xf3
19.Nd2xf3 Nf6g4
20.Qe3e2 O-O
21.Nf3h4 Ng4f6
22.Nh4f5 exd4
23.cxd4 Rf8e8
24.Qe2f3 Re8xe4
25.Qf3g3 Re4g4
26.Qg3e3 Ra8e8
27.Qe3f3 d5
28.Ba4c2 Rg4g5
29.Qf3d3 Nb7d6
30.Nf5g3 Nd6e4
31.Ng3xe4 dxe4
32.Qd3e3 Rg5h5
33.h3 Qc7d7
34.Bc2a4 Qd7c7
35.Ra1c1 Nf6d5
36.Qe3e2 Nd5f4
37.Qe2g4 Rh5g5
38.Qg4d1 Nf4xh3
39.Kh1 Nh3f4
40.Ba4xc6 Re8e7
41.b5 Rg5xg2
42.Bc6xe4 Qc7d6
43.f3 Qd6f6
44.Qd1e1 Qf6g5
{ resign }
0-1

[Event "Match"]
[Site "www.echecsemail.com"]
[Date "2016.10.04"]
[Round "1"]
[White "Stanch3vv"]
[Black "Libiesse"]
[WhiteElo "1499"]
[BlackElo "2020"]
[Result "1-0"]
[Round "1"]
1.d4 d5
2.Bc1f4 e6
3.Nb1c3 Bf8b4
4.Qd1d2 Ng8f6
5.f3 Nb8d7
6.a3 Bb4a5
7.b4 Ba5b6
8.e4 dxe4
9.fxe4 O-O
10.Ng1f3 a6
11.Bf1d3 Bb6a7
12.e5 Nf6d5
13.Nc3xd5 exd5
14.O-O Rf8e8
15.Bf4g5 f6
16.exf6 Nd7xf6
17.Bg5xf6 Qd8xf6
18.Bd3xh7 Kh8
19.c3 Re8e5
20.Nf3xe5 Qf6xe5
21.Ra1e1 Qe5h5
22.Bh7b1 Bc8d7
23.Qd2f4 Ra8g8
24.Re1e5 Qh5h6
25.Qf4xh6 gxh6
26.Rf1f7 Bd7e8
27.Rf7h7 { resign }
1-0

[Event "Match"]
[Site "www.echecsemail.com"]
[Date "2016.10.04"]
[Round "1"]
[White "Sonny1000"]
[Black "Karlgrocer"]
[WhiteElo "1410"]
[BlackElo "2010"]
[Result "0-1"]
[Round "1"]
1.e4 c5
2.c4 d6
3.Nb1a3 Ng8f6
4.Bf1d3 e5
5.h3 Bf8e7
6.Qd1f3 Nb8c6
7.Na3b5 O-O
8.a3 Nc6d4
9.Nb5xd4 cxd4
10.g4 a6
11.a4 b6
12.g5 Nf6e8
13.Qf3h5 g6
14.Qh5h6 Be7xg5
15.Ng1f3 Bg5xh6
16.h4 Ne8f6
17.Nf3g5 Nf6h5
18.Ng5f3 Nh5f4
19.Bd3f1 Bc8g4
20.Nf3h2 Qd8xh4
21.Ra1a3 Bg4e6
22.a5 bxa5
23.b4 axb4
24.Ra3b3 a5
25.Kd1 Qh4e7
26.Nh2g4 Bh6g7
27.Rb3h3 Nf4xh3
28.Rh1xh3 Be6xg4
{ resign }
0-1

[Event "Match"]
[Site "www.echecsemail.com"]
[Date "2016.10.04"]
[Round "1"]
[White "Jhzes"]
[Black "Heiserman"]
[WhiteElo "1970"]
[BlackElo "2410"]
[Result "1-0"]
[Round "1"]
1.d4 Ng8f6
2.Bc1f4 e6
3.c4 Bf8e7
4.a3 b6
5.Nb1c3 Bc8b7
6.Nc3b5 d6
7.c5 bxc5
8.dxc5 e5
9.cxd6 cxd6
10.Qd1a4 Bb7c6
11.Bf4d2 a6
12.Nb5xd6 Be7xd6
13.Qa4h4  { time }
1-0

[Event "Match"]
[Site "www.echecsemail.com"]
[Date "2016.10.04"]
[Round "1"]
[White "4m6az"]
[Black "Pwain"]
[WhiteElo "1960"]
[BlackElo "2360"]
[Result "0-1"]
[Round "1"]
1.e3 c5
2.Bf1c4 d5
3.Bc4b5 Bc8d7
4.Bb5xd7 Nb8xd7
5.b3 Ng8f6
6.Bc1b2 b5
7.c3 e5
8.d4 e4
 { time }
0-1

[Event "Fast Game"]
[Site "www.echecsemail.com"]
[Date "2016.10.04"]
[Round "1"]
[White "Romaamor69"]
[Black "Attatroll"]
[WhiteElo "1979"]
[BlackElo "1880"]
[Result "1-0"]
[Round "1"]
1.d4 f5
2.g3 Ng8f6
3.Bf1g2 c6
4.Nb1d2 g6
5.c3 Bf8g7
6.Ng1h3 O-O
7.Nh3f4 d6
8.Qd1b3 Kh8
9.Nd2f3 Qd8b6
10.h4 Qb6xb3
11.axb3 Nb8a6
12.h5 Nf6xh5
13.Nf4xh5 gxh5
14.Rh1xh5 Na6c7
15.Bc1g5 Bg7f6
16.O-O-O Nc7e6
17.Bg5d2 Ne6g7
18.Rh5h6 Ng7e8
19.Rd1h1 Rf8f7
20.Nf3g5 Bf6xg5
21.Bd2xg5 e5
22.d5 Bc8d7
23.Kd2 Ne8g7
24.Rh6xh7 Kg8
25.Rh7h8 
1-0

[Event "Tourn. n8912"]
[Site "www.chess-mail.com"]
[Date "2016.10.05"]
[Round "1"]
[White "Seger"]
[Black "Faerieking"]
[WhiteElo "2760"]
[BlackElo "2220"]
[Result "1-0"]
[Round "1"]
1.d4 d5
2.c4 c6
3.e3 Bc8f5
4.Ng1f3 Ng8f6
5.Nb1c3 Nb8d7
6.cxd5 Nf6xd5
7.Nf3h4 Nd5xc3
8.bxc3 Bf5e4
9.f3 e6
10.g3 g5
11.fxe4 gxh4
12.Qd1f3 Bf8e7
13.a4 Qd8a5
14.Bc1d2 Nd7b6
15.Bf1d3 Kd7
16.c4 { resign }
1-0

[Event "Tourn. n8983"]
[Site "www.chess-mail.com"]
[Date "2016.10.05"]
[Round "1"]
[White "Mao"]
[Black "Albertf"]
[WhiteElo "1690"]
[BlackElo "1700"]
[Result "0-1"]
[Round "1"]
1.e4 e5
2.Ng1f3 Nb8c6
3.Bf1c4 Nc6d4
4.Nf3xe5 Qd8g5
5.Bc4xf7 Ke7
6.Bf7xg8 Qg5xg2
7.Rh1f1 Qg2xe4
{ resign }
0-1

[Event "Tourn. n8886"]
[Site "www.chess-mail.com"]
[Date "2016.10.05"]
[Round "1"]
[White "Ff333"]
[Black "Bira47"]
[WhiteElo "2040"]
[BlackElo "2000"]
[Result "1-0"]
[Round "1"]
1.e4 c5
2.Bf1c4 e6
3.Ng1f3 a6
4.O-O b5
5.Bc4e2 Bc8b7
6.d3 h6
7.Bc1e3 Ng8f6
8.h3 Bf8e7
9.Nb1c3 Nb8c6
10.e5 Nf6d5
11.Be3d2 b4
12.Nc3xd5 exd5
13.c3 a5
14.d4 c4
15.Qd1c1 Qd8c7
16.Bd2f4 d6
17.e6 fxe6
18.Nf3h4 Be7xh4
19.Be2g4 e5
20.Bg4h5 Ke7
21.Qc1e3 e4
22.Bh5g6 Rh8f8
23.Ra1e1 Rf8f6
24.Bg6h5 g5
25.Bf4h2 Ra8f8
26.g3 Bb7c8
27.gxh4 gxh4
28.Kh1 Rf6f3
29.Bh5xf3 Bc8xh3
30.Rf1g1 Nc6d8
31.Bf3h5 Nd8e6
32.Qe3xh3 Kd8
33.Qh3xe6 Rf8xf2
34.Rg1g8  { time }
1-0

[Event "Tourn. n8977"]
[Site "www.chess-mail.com"]
[Date "2016.10.05"]
[Round "1"]
[White "Pellix84"]
[Black "Bojan"]
[WhiteElo "1950"]
[BlackElo "1920"]
[Result "1-0"]
[Round "1"]
1.d4 g6
2.e4 Bf8g7
3.Bc1e3 f6
4.Qd1d2 a6
5.a4 d5
6.f3 Nb8c6
7.c4 dxc4
8.Bf1xc4 e6
9.Ng1e2 Ng8e7
10.O-O e5
11.d5 Nc6a7
12.Nb1c3 f5
13.Be3h6 Bg7f6
14.Ra1d1 Qd8d6
15.Kh1 Bc8d7
16.Rd1b1 Rh8g8
17.b4 f4
18.Ne2c1 Bf6h4
19.Nc1d3 O-O-O
20.Nd3xf4 exf4
21.Bh6xf4 Qd6f6
22.e5 Qf6g7
23.d6 cxd6
24.exd6 Bd7f5
25.Nc3e4 Rg8e8
26.Rf1c1 Ne7c6
27.b5 Bf5xe4
28.fxe4 Re8xe4
29.bxc6 Na7xc6
30.Bc4xa6 Kd7
31.Rb1xb7 Ke6
32.Rb7xg7 Bh4f6
33.Rg7xh7 Nc6e5
34.d7 Re4xa4
35.Bf4xe5 Bf6xe5
36.Ba6c4 Kf5
37.Rc1f1 { resign }
1-0

[Event "Tourn. n8900"]
[Site "www.chess-mail.com"]
[Date "2016.10.05"]
[Round "1"]
[White "Goofy"]
[Black "Faerieking"]
[WhiteElo "2300"]
[BlackElo "2230"]
[Result "1-0"]
[Round "1"]
1.e4 c5
2.Ng1f3 d6
3.d4 cxd4
4.Nf3xd4 Ng8f6
5.Nb1c3 a6
6.h3 e5
7.Nd4e2 Bc8e6
8.g4 h6
9.Bf1g2 Bf8e7
10.Bc1e3 Nb8d7
11.Nc3d5 Be6xd5
12.exd5 Qd8a5
13.Qd1d2 Qa5c7
14.Ne2g3 Ra8c8
15.O-O Qc7xc2
16.Ra1c1 { resign }
1-0

[Event "Match"]
[Site "www.echecsemail.com"]
[Date "2016.10.05"]
[Round "1"]
[White "Paco"]
[Black "Ditto"]
[WhiteElo "1910"]
[BlackElo "1850"]
[Result "1/2-1/2"]
[Round "1"]
1.e4 e5
2.Ng1f3 Nb8c6
3.Bf1c4 Ng8f6
4.Nf3g5 d5
5.Bc4b3 dxe4
6.Ng5xf7 Qd8d4
7.c3 Qd4d3
8.Nf7xh8 Bc8g4
9.Bb3c2 Qd3d5
10.Bc2b3 Qd5d3
11.Bb3c2 Bg4xd1
12.Bc2xd3 { draw }
1/2-1/2

[Event "Match"]
[Site "www.echecsemail.com"]
[Date "2016.10.05"]
[Round "1"]
[White "Coraza"]
[Black "Wagner"]
[WhiteElo "1790"]
[BlackElo "1800"]
[Result "0-1"]
[Round "1"]
1.e4 e5
2.Ng1f3 Qd8f6
3.Nb1c3 Ng8e7
4.d3 h6
5.Bc1e3 c6
6.Qd1d2 g5
7.g4 Rh8g8
8.Bf1e2 b6
9.O-O-O Nb8a6
10.h4 d5
11.h5 Bc8xg4
12.Nf3h2 Bg4d7
13.Be2g4 d4
14.Bg4xd7 Kxd7
15.Be3xd4 exd4
16.Nh2g4 Qf6e6
17.Rh1g1 dxc3
18.Qd2xc3 Bf8g7
19.Qc3a3 Na6c7
20.f3 Nc7b5
21.Qa3a6 f5
22.Ng4e3 Nb5c7
23.Qa6a4 Nc7b5
24.Qa4b4 a5
25.Qb4d2 Qe6xa2
26.c3 Bg7xc3
27.bxc3 Qa2a1
28.Kc2 Qa1a2
29.Kc1 Qa2b3
30.Qd2b2 Qb3xc3
31.Ne3c2 Ra8f8
32.Qb2a2 Qc3c5
33.d4 Qc5c3
34.Rd1d2 Qc3xf3
35.Nc2e1 Qf3e3
36.Rg1f1 fxe4
37.Rf1h1 Rf8f2
38.Rh1h3 Qe3xe1
39.Rd2d1 Qe1xd1
40.Kxd1 Rf2xa2
41.Rh3e3 Rg8f8
42.Re3xe4 Nb5c3
{ resign }
0-1

[Event "Match"]
[Site "www.echecsemail.com"]
[Date "2016.10.05"]
[Round "1"]
[White "Azulmarino"]
[Black "Sagara1977"]
[WhiteElo "1610"]
[BlackElo "1400"]
[Result "0-1"]
[Round "1"]
1.e4 e5
2.Ng1f3 Qd8f6
3.Bf1e2 Bf8c5
4.d3 h6
5.Bc1e3 Nb8a6
6.Nb1c3 Bc5b4
7.d4 exd4
8.Be3xd4 Qf6g5
9.Nf3e5 Qg5xg2
10.Rh1f1 Bb4xc3
11.Bd4xc3 d6
12.Be2f3 Qg2xh2
13.Ne5g4 Bc8xg4
14.Bf3xg4 Ng8f6
15.Bc3xf6 gxf6
16.c3 Na6c5
17.Qd1d5 Rh8g8
18.b4 Rg8xg4
19.bxc5 O-O-O
20.Ra1b1 b6
21.Qd5a8 Kd7
22.Qa8xa7 Rg4xe4
23.Kd2 Qh2f4
24.Kc2 bxc5
25.Rb1b7 Rd8c8
26.Qa7a6 Re4c4
27.Kb3 Qf4e4
28.Rf1d1 d5
29.Qa6b5 Kd8
30.Rb7b8 d4
31.Qb5b7 Qe4xb7
32.Rb8xb7 Rc4xc3
33.Kb2 Kd7
34.Rb7b5 Kc6
35.Rb5a5 Rc8b8
36.Ka1 Kd5
37.Ra5a6 d3
38.Ra6xf6 Kc4
39.Rf6f4 Kd5
40.Rf4f3 c4
41.Rf3xf7 Rc3c2
42.Rf7e7 c5
43.Re7e1 d2
44.Re1h1 Kd4
45.Rd1b1 Rb8xb1
46.Kxb1 Kd3
47.f4 c3
48.f5 Rc2b2
49.Ka1 Kc2
50.a4 Rb2b4
{ resign }
0-1

[Event "Tourn. n8913"]
[Site "www.chess-mail.com"]
[Date "2016.10.06"]
[Round "1"]
[White "Cal"]
[Black "Ison"]
[WhiteElo "1780"]
[BlackElo "1780"]
[Result "0-1"]
[Round "1"]
1.Nb1c3 e5
2.e4 Ng8f6
3.a3 Nb8c6
4.b4 d6
5.d3 Bf8e7
6.h3 Bc8e6
7.Ng1f3 O-O
8.Bf1e2 d5
9.exd5 Nf6xd5
10.Nc3e4 Nd5f4
11.O-O Qd8d7
12.c4 Ra8d8
13.Bc1xf4 exf4
14.Qd1c2 Nc6d4
15.Nf3xd4 Qd7xd4
16.Kh2 f5
17.Ne4c5 Be7xc5
18.bxc5 Qd4xc5
19.Be2f3 c6
20.a4 Qc5d4
21.Ra1d1 g5
22.Bf3h5 g4
23.h4 Qd4d6
24.d4 f3
25.g3 f4
26.Rf1e1 fxg3
27.fxg3 Be6f5
28.Qc2c3 Rf8f6
29.Re1e5 Bf5g6
30.Bh5xg6 Rf6xg6
31.c5 Qd6f6
32.d5 f2
33.Kg2 Rd8f8
34.Rd1f1 cxd5
35.Qc3d4 Qf6f3
36.Kh2 Rg6f6
37.Re5g5 Kh8
38.Rg5xg4 Qf3e2
39.Rf1xf2 Qe2xf2
40.Qd4xf2 Rf6xf2
41.Kh3 Rf2c2
42.c6 bxc6
43.h5 Rf8f5
44.Rg4h4 Rc2c4
45.g4 Rf5f3
46.Kg2 Rf3b3
47.h6 Rc4c2
48.Kf1 Rb3b1
{ resign }
0-1

[Event "Tourn. n8986"]
[Site "www.chess-mail.com"]
[Date "2016.10.06"]
[Round "1"]
[White "Luban"]
[Black "Attatroll"]
[WhiteElo "1990"]
[BlackElo "1920"]
[Result "1-0"]
[Round "1"]
1.d4 e5
2.dxe5 Nb8c6
3.Ng1f3 Qd8e7
4.e3 Nc6xe5
5.Bf1e2 d6
6.b3 Ng8f6
7.Bc1b2 Bc8g4
8.O-O O-O-O
9.c4 Ne5xf3
10.Be2xf3 Bg4xf3
11.Qd1xf3 Qe7e4
12.Bb2xf6 Qe4xf3
13.gxf3 gxf6
14.Nb1d2 Rh8g8
15.Kh1 Bf8h6
16.Nd2e4 Rg8g6
17.Rf1g1 Rd8g8
18.Ne4xf6 Bh6g7
19.Nf6xg8 Bg7xa1
20.Ng8e7 { resign }
1-0

[Event "Tourn. n8912"]
[Site "www.chess-mail.com"]
[Date "2016.10.06"]
[Round "1"]
[White "Paaliaq"]
[Black "Faerieking"]
[WhiteElo "2580"]
[BlackElo "2220"]
[Result "1-0"]
[Round "1"]
1.e4 c5
2.Ng1f3 d6
3.d4 cxd4
4.Nf3xd4 Ng8f6
5.Nb1c3 a6
6.Bc1g5 e6
7.f4 Qd8b6
8.Qd1d3 Qb6xb2
9.Ra1b1 Qb2a3
10.f5 Bf8e7
11.Bf1e2 e5
12.Nd4b3 Nb8d7
13.O-O b5
14.Qd3g3 Bc8b7
15.Bg5c1 Qa3b4
16.a3 { resign }
1-0

[Event "Tourn. n8993"]
[Site "www.chess-mail.com"]
[Date "2016.10.06"]
[Round "1"]
[White "Albertf"]
[Black "Prize640"]
[WhiteElo "1700"]
[BlackElo "1799"]
[Result "0-1"]
[Round "1"]
1.d4 Ng8f6
2.c4 g6
3.Nb1c3 Bf8g7
4.e3 O-O
5.Ng1f3 d6
6.Bf1d3 Nb8d7
7.O-O e5
8.dxe5 Nd7xe5
9.Nf3xe5 dxe5
10.Qd1c2 c6
11.Rf1d1 Qd8c7
12.b3 e4
13.Bd3e2 Nf6g4
14.Be2xg4 Bc8xg4
15.Rd1d2 Ra8d8
16.Rd2xd8 Rf8xd8
17.Bc1b2 Qc7d7
18.h3 Qd7d2
19.Qc2xd2 Rd8xd2
20.Bb2a3 Bg7xc3
{ resign }
0-1

[Event "Tourn. n8982"]
[Site "www.chess-mail.com"]
[Date "2016.10.06"]
[Round "1"]
[White "Mitja"]
[Black "Bojan"]
[WhiteElo "1950"]
[BlackElo "1930"]
[Result "1-0"]
[Round "1"]
1.d4 d5
2.e3 a6
3.c3 Bc8d7
4.h3 Nb8c6
5.Ng1e2 Ng8f6
6.Ne2g3 Nf6e4
7.Ng3xe4 dxe4
8.Qd1c2 f5
9.Bf1e2 Nc6a5
10.Nb1d2 Bd7c6
11.Nd2b3 Bc6a4
12.Be2d1 Qd8d5
13.Qc2d2 Na5xb3
14.Bd1xb3 Ba4xb3
15.axb3 Qd5xb3
16.Qd2e2 e6
17.f4 O-O-O
18.g3 Bf8e7
19.Kf2 c5
20.Ra1a3 Qb3b6
21.Qe2c4 Kb8
22.Ra3b3 Qb6c6
23.Rb3a3 b5
24.Qc4a2 Kb7
25.dxc5 Be7xc5
26.b4 Bc5a7
27.Qa2e2 Rd8d3
28.Rh1d1 Rd3xe3
29.Bc1xe3 Rh8c8
30.Be3xa7 Kxa7
31.Rd1a1 Kb7
32.Ra1d1 h6
33.Qe2e3 Qc6e8
34.Qe3d4 Rc8c7
35.Qd4d6 Rc7c6
36.Qd6d7 { resign }
1-0

[Event "Tourn. n8935"]
[Site "www.chess-mail.com"]
[Date "2016.10.06"]
[Round "1"]
[White "Kampungboy"]
[Black "Pwain"]
[WhiteElo "2430"]
[BlackElo "2340"]
[Result "1-0"]
[Round "1"]
1.e4 e5
2.f4 exf4
3.Ng1f3 g5
4.Nb1c3 d6
5.g3 g4
6.Nf3h4 Nb8c6
7.d4 f3
8.Bc1e3 Bf8e7
9.Qd1d2 Ng8f6
10.O-O-O d5
11.e5 Nf6e4
12.Nc3xe4 dxe4
13.Bf1c4 Be7xh4
14.gxh4 Qd8xh4
15.Qd2c3 O-O
16.d5 Nc6d8
17.Rh1g1 Bc8f5
18.h3 Rf8e8
19.hxg4 Bf5g6
20.e6 fxe6
21.dxe6 Nd8xe6
22.Qc3e5 Qh4e7
23.Be3d4 { resign }
1-0

[Event "Tourn. n8932"]
[Site "www.chess-mail.com"]
[Date "2016.10.06"]
[Round "1"]
[White "Aalekhine"]
[Black "Manuelito"]
[WhiteElo "1499"]
[BlackElo "1570"]
[Result "1-0"]
[Round "1"]
1.d4 d5
2.c4 e6
3.Nb1c3 dxc4
4.e4 a6
5.a4 c5
6.Ng1f3 Nb8c6
7.d5 exd5
8.exd5 Nc6e7
9.Bf1xc4 Ng8f6
10.d6 Ne7f5
11.Qd1e2 Kd7
12.Nf3e5 Ke8
13.Bc4xf7 
1-0

[Event "Tourn. n8969"]
[Site "www.chess-mail.com"]
[Date "2016.10.06"]
[Round "1"]
[White "Genius5"]
[Black "Passaroa25"]
[WhiteElo "1620"]
[BlackElo "1530"]
[Result "0-1"]
[Round "1"]
1.d3 c6
2.e4 d6
3.Nb1c3 Bc8e6
4.Ng1f3 f6
5.Bf1e2 Be6f7
6.O-O e6
7.Bc1e3 Nb8a6
8.d4 { time. }
0-1

[Event "Tourn. n8936"]
[Site "www.chess-mail.com"]
[Date "2016.10.06"]
[Round "1"]
[White "Cal"]
[Black "Jackbauer"]
[WhiteElo "1700"]
[BlackElo "1900"]
[Result "0-1"]
[Round "1"]
1.d4 d5
2.e3 a6
3.h3 Nb8c6
4.a3 Ng8f6
5.Nb1c3 g6
6.Ng1f3 e6
7.b4 Bf8g7
8.Bc1b2 O-O
9.Bf1d3 Rf8e8
10.O-O e5
11.dxe5 Nc6xe5
12.Nf3d4 c6
13.Nc3e2 Bc8d7
14.f4 Ne5xd3
15.cxd3 b5
16.Ne2g3 Re8xe3
17.Kh2 Nf6g4
18.hxg4 Qd8h4
19.Kg1 Re3xg3
20.Ra1b1 Bd7xg4
21.Nd4f3 Rg3xg2
22.Kxg2 Qh4h3
23.Kf2 Bg7h6
24.Ke3 Ra8e8
25.Bb2e5 f6
26.d4 fxe5
27.Kd2 Bh6xf4
28.Kc3 e4
29.Kb2 exf3
30.Rf1h1 Qh3g2
31.Ka1 Re8e2
32.Qd1b3 Bg4f5
33.Rh1g1 Qg2f2
34.a4 Bf5xb1
35.Rg1xb1 Qf2xd4
36.Rb1b2 bxa4
37.Qb3a3 Bf4c1
38.Kb1 Bc1xb2
39.Qa3xf3 Qd4d1
40.Ka2 Qd1a1
{ resign }
0-1

[Event "Tourn. n8902"]
[Site "www.chess-mail.com"]
[Date "2016.10.06"]
[Round "1"]
[White "Francesco"]
[Black "Picifarkinca"]
[WhiteElo "2000"]
[BlackElo "1980"]
[Result "1/2-1/2"]
[Round "1"]
1.e4 e5
2.Ng1f3 Nb8c6
3.d4 exd4
4.Nf3xd4 Bf8c5
5.Nd4xc6 Qd8f6
6.f3 Qf6xc6
7.Nb1c3 Ng8f6
8.Bc1f4 O-O
9.Bf1b5 Qc6b6
10.Bf4g3 c6
11.Nc3a4 Qb6xb5
12.Na4xc5 d5
13.Nc5b3 dxe4
14.fxe4 Nf6xe4
15.Bg3f2 Ne4xf2
16.Kxf2 Qb5g5
17.Rh1f1 Bc8g4
18.Qd1d3 Qg5h5
19.Ra1e1 Qh5xh2
20.Rf1h1 Qh2f4
21.Kg1 Bg4f5
22.Qd3e2 Bf5g6
23.Re1f1 Qf4e4
24.Qe2xe4 Bg6xe4
25.c3 Ra8d8
26.Rf1e1 Be4d5
27.Re1e7 Bd5xb3
28.axb3 Rd8d1
29.Kh2 Rd1xh1
30.Kxh1 Rf8b8
31.Kg1 Kf8
32.Re7e4 Rb8e8
33.Re4h4 h6
34.Rh4a4 a6
35.Ra4b4 Re8e7
36.Kf2 Ke8
37.Rb4g4 f5
38.Rg4f4 Re7f7
39.Kf3 g5
40.Rf4d4 Ke7
41.Ke3 Ke6
42.g3 Rf7d7
43.Rd4b4 Ke5
44.Rb4a4 Rd7d5
45.Ra4a1 a5
46.Ra1e1 Kf6
47.Re1f1 Rd5e5
48.Kd3 g4
49.Rf1h1 Kg5
50.c4 c5
51.Rh1h2 h5
52.Rh2f2 Re5e1
53.Kd2 Re1e6
54.Kd3 b6
{ draw }
1/2-1/2